| 000 | 00732nam a2200253 i 4500 | ||
|---|---|---|---|
| 001 | bg | ||
| 100 | 1 | _aARMSTRONG, James C. | |
| 245 | 1 | 0 |
_aUnix dla każdego / _cJames C. Armstrong, Dave Taylor ; [tł. Krzysztof Olesiejuk, Robert Gemza. |
| 246 |
_iTyt. oryg.: _aTeach yourself UNIX in 24 hours |
||
| 260 |
_aGliwice : _b"Helion", _c2000. |
||
| 300 |
_a504 s. ; _c24 cm. |
||
| 500 | _aTyt. oryg.: "Teach yourself UNIX in 24 hours", 1999. | ||
| 504 | _aIndeks. | ||
| 650 | 9 | _aUNIX | |
| 655 | _aPodręczniki | ||
| 700 | 1 | _aTAYLOR, Dave | |
| 020 | _a8371971583 | ||
| 040 | _cBPK | ||
| 041 | 1 |
_apl _ben |
|
| 080 | _a004.451(07)Unix | ||
| 920 | _a83-7197-158-3 | ||
| 942 | _cKS | ||
| 008 | s pl f |000 0 pol | ||
| 999 |
_c39435 _d39435 |
||
| 856 |
_uhttp://koha.tu.koszalin.pl/cgi-bin/koha/opac-detail.pl?biblionumber=39435 _yKatalog online BPK |
||